Responses for Show #3973 - Wednesday, December 5, 2001

Kathy Cassity game 3.

Contestants

[<< previous game]

Christian Carr, a teaching fellow from Sweet Briar, Virginia

Luke Fontano, a stay-at-home dad from Framingham, Massachusetts

Kathy Cassity, a closed captioner from Honolulu, Hawaii (whose 2-day cash winnings total $34,000)

[next game >>]

Jeopardy! Round responses

YOGI BERRA: PHILOSOPHER
CENTRAL AMERICA
LEGENDS
WHAAAZUUUP?!
WHAT ARE "YOU" DOING?
SLOW NEWS DAY
(Alex: That, of course, was Sarah of our Clue Crew, who used to be a newscaster.)
    $200 30
(Alex: Luke, a baseball fan of the Boston Red Sox, but he knows a lot about the Yankees & Yogi Berra.)

it's over

Luke
    $200 1
volcano

Christian
    $200 2
Pocahontas

Luke
    $200 20
the moon

Luke
    $200 11
"You Light Up My Life"

Kathy
    $200 15
diamond

Triple Stumper
    $400 29
mental

Luke
    $400 3
San Jose, Costa Rica

Kathy
    $400 7
Alaska

Christian
    $400 21
Sputnik

Luke
    $400 12
"You Can't Go Home Again"

Kathy
    $400 16
boxer

Christian
    $600 26
(Christian: What is a pie...what is an apple pie?)

pizza

LukeChristian
    $600 4
earthquake

Kathy
    $600 8
Pony Express

Luke
    $600 22
(Kathy: What is a rocket?)

helicopter

KathyChristian
    $600 13
"You Oughta Know"

Christian
    $600 17
(Kathy: Who is Clara Barton?)

Florence Nightingale

KathyChristian
    $800 27
get there

Luke
    $1,000 5
(Kathy: What is Mexico?)
(Alex: Central America swoops down in an easterly direction.)

Panama

Kathy
    $800 9
(Christian: What is a tin cup?)

pitcher (hence the name "Molly Pitcher")

Christian
Triple Stumper
    $800 23
the Spirit of St. Louis

Triple Stumper
    $800 14
You Can't Take It with You

Triple Stumper
    $800 18
(Christian: What is rutabaga?)

rhubarb

KathyChristian
    $1000 28
deja vu

Luke
    $1000 6
ecotourism

Kathy
    $1000 10
Casey Jones

Kathy
    $1000 25
the Spruce Goose

Luke
    $1000 24
(Alex: Minute to go.)

You Only Live Twice

Luke
    $1000 19
jackhammers

Christian

Scores at the first commercial break (after clue 16):

Kathy Luke Christian
$2,600 $800 $800

Scores at the end of the Jeopardy! Round:

Kathy Luke Christian
$2,200 $6,400 $1,600

Double Jeopardy! Round responses

FIRST LADIES
MOVIE TRAILERS
OPRAH'S BOOK CLUB
HOW SOON WE FORGET
WHAT AILS "IA"
(Alex: And finally, you have to convert...)
ARABIC TO ROMAN NUMERALS
    $400 7
Lady Bird Johnson

Triple Stumper
    $400 11
National Lampoon's Vacation

Kathy
    $400 21
Ireland

Kathy
    $400 24
DOS (Disk Operating System)

Kathy
    $400 1
pneumonia

Kathy
    $400 4
(Kathy: What is C?)

M

KathyChristian
    $800 8
Hillary Clinton

Luke
    $800 14
Lucille Ball & Desi Arnaz

Triple Stumper
    $800 22
Isabel Allende

Kathy
    $800 29
(Luke: Who is Ramona?)
(Christian: Who was Stacey?)

Sonja

KathyLukeChristian
    $800 2
insomnia

Kathy
    $800 9
V.I.

Christian
    $1,000 10
Laura Bush

Christian
    $1200 15
Martin Riggs

Triple Stumper
    $1200 23
Tourette's syndrome

Luke
    $1200 27
Mikhail Gorbachev

Kathy
    $1200 3
bulimia

Luke
    $1200 16
MC

Kathy
    $1600 12
Dolley Madison

Kathy
    $1600 17
Tin Cup

Luke
    $1600 25
(Alex: With a minute to go.)

"Black and Blue"

Triple Stumper
    $1600 28
(Kathy: Who are the Baltimore Ravens?)

St. Louis Rams

Kathy
Triple Stumper
    $1600 5
dementia

Christian
    $1600 19
DC

Christian
    $2000 13
"Lemonade Lucy" Hayes

Luke
    $2000 18
The Accused

Triple Stumper
    $2000 26
Where the Heart is

Kathy
    $800 30
(Kathy: Who is Edwards?)

Bob Dole

Kathy
    $2000 6
aphasia

Kathy
    $2000 20
LX

Kathy

Scores at the end of the Double Jeopardy! Round:

Kathy Luke Christian
$13,400 $12,400 $6,200

[wagering suggestions for these scores]

Final Jeopardy! Round responses

HISTORIC HEROES
ChristianWho was Lafayette?
$6,150
LukeWho is Lincoln?
$12,400
KathyWho is Duke of Wellington?
$11,400
Simon Bolivar

Final scores:

Kathy Luke Christian
$2,000 $0 $50
3-day champion: $36,000 3rd place: New York City Broadway Vacation 2nd place: Trip to Galley Bay Resort, Antigua

Game dynamics:

Coryat scores:

Kathy Luke Christian
$15,200 $12,400 $6,400
20 R,
6 W
(including 2 DDs)
16 R,
1 W
12 R
(including 1 DD),
4 W

Combined Coryat: $34,000

[game clues] [game scores] [suggest correction]

Game tape date: 2001-09-05
The J! Archive is created by fans, for fans. Scraping, republication, monetization, and malicious use prohibited; this site may use cookies and collect identifying information. See terms. The Jeopardy! game show and all elements thereof, including but not limited to copyright and trademark thereto, are the property of Jeopardy Productions, Inc. and are protected under law. This website is not affiliated with, sponsored by, or operated by Jeopardy Productions, Inc. Join the discussion at JBoard.tv.